| 000 | 01134cam a2200217 4500 | ||
|---|---|---|---|
| 001 | WB@3612-299 | ||
| 008 | 040916n2004 000 0 eng u | ||
| 035 | _a(Sirsi) u127439 | ||
| 245 | _aUK should lead on climate change | ||
| 260 | _c2004 | ||
| 490 |
_aGuardian Unlimited _v15 September 2004 (4) |
||
| 520 | _aTony Blair has called a world scientific conference for February 2004 to decide an upper limit on how much the temperature can rise before the world faces the catastrophic consequences of climate change. He said that even the Kyoto protocol was insufficient to address the problem of climate change and wants Britain to be the global leader - for example by incorporating sustainable development into every one of the new schools in the current building programme. For Tony Blair's full speech go to: http://number-10.gov.uk http://www.guardian.co.uk/guardianpolitics/story/0 ,,1304689,00.html | ||
| 590 | _aWB | ||
| 590 | _aWB | ||
| 650 | _aCLIMATE CHANGE | ||
| 650 | _aSUSTAINABLE DEVELOPMENT | ||
| 650 | _aENVIRONMENTAL ISSUES | ||
| 650 | _aKYOTO PROTOCOL | ||
| 690 |
_aENVIRONMENT _96238 |
||
| 942 | _n0 | ||
| 999 |
_c118014 _d118014 |
||